| 000 | 00788nam a22002297a 4500 | ||
|---|---|---|---|
| 003 | BPGM | ||
| 008 | 260618e1996 mx abc|g |||| 001 0 spa d | ||
| 040 | _bspa | ||
| 041 |
_aspa _hspa |
||
| 082 | 0 | 4 |
_2900 _a030 |
| 100 |
_aBOLAÑOS ROJAS, CONCEPCION J. _eAUTOR |
||
| 245 | _aMUNICIPIO DE AMEALCO | ||
| 250 |
_aPRIMERA EDICION _b1996 |
||
| 260 |
_aMEXICO _bGOBIERNO DEL ESTADO DE QUERETARO _c1996 |
||
| 300 |
_a75 paginas _c21 cm x 14 cm |
||
| 336 |
_2rdacontent _atexto _btxt |
||
| 337 |
_2rdamedia _asin mediación _bn |
||
| 338 |
_2rdacarrier _avolumen _bnc |
||
| 505 | _aofrece un panorama integral sobre la evolución del municipio de Amealco de Bonfil, desde sus raíces indígenas otomíes hasta su desarrollo moderno. | ||
| 650 | _2GEOGRAFÍA E HISTORIA | ||
| 942 |
_2ddc _cCOLQ |
||
| 999 |
_c68633 _d68633 |
||